Catalog

Record Details

Catalog Search



Available copies

  • 1 of 1 copy available at LARL/NWRL Consortium.

Current holds

0 current holds with 1 total copy.

Show Only Available Copies
Location Call Number / Copy Notes Barcode Shelving Location Status Due Date
Godel Memorial-Warren Library pb (Text) 35500004835540 Main Available -

Record details

  • ISBN: 9780778326557 (pbk.) :
  • ISBN: 0778326551 (pbk.)
  • Physical Description: 352 p. ; 18 cm.
  • Publisher: Don Mills, Ont., Canada : Mira, c2009.
Subject: Missing persons > Fiction.
Secret service > Fiction.
Wilderness areas > New England > Fiction.
Genre: Suspense fiction.
Romantic suspense fiction.
LDR 01344cam a2200349Ia 4500
001110863
003LARL_NWRL_CONSORTIUM
00520091211130748.0
008090520s2009 onc 000 f eng d
020 . ‡a9780778326557 (pbk.) : ‡c$7.99
020 . ‡a0778326551 (pbk.)
02410. ‡a777506007993
035 . ‡a(OCoLC)351304728
092 . ‡aFIC ‡bNEG
1001 . ‡aNeggers, Carla. ‡0(LARL_NWRL_CONSORTIUM)141567
24510. ‡aCold river ‡n#2 / ‡cCarla Neggers.
260 . ‡aDon Mills, Ont., Canada : ‡bMira, ‡cc2009.
300 . ‡a352 p. ; ‡c18 cm.
4900 . ‡aBlack Falls ; ‡v2
650 0. ‡aMissing persons ‡vFiction. ‡0(LARL_NWRL_CONSORTIUM)165976
650 0. ‡aSecret service ‡vFiction. ‡0(LARL_NWRL_CONSORTIUM)167308
650 0. ‡aWilderness areas ‡zNew England ‡vFiction.
655 7. ‡aSuspense fiction. ‡2gsafd
655 7. ‡aRomantic suspense fiction. ‡2gsafd
901 . ‡a110863 ‡bOCLC ‡c110863 ‡tbiblio

Additional Resources